000 00917nam a2200277 a 4500
001 BRCA_4816
005 20190320204823.0
008 040119s2003 sp-#######---#000-1#spa-#
020 _a8488333862 (v.3)
020 _a8488333854 (v.4)
041 _aspa
044 _asp
050 4 _aGR230
_b.C36 2003
100 1 _aCamarena, Julio
_912206
245 1 0 _aCatálogo tipológico del cuento folklórico español
_cJulio Camarena, Maxime Chevalier.
260 _aEspaña
_bCentro de Estudios Cervantinos
_c2003
300 _a2 v.
_c24 cm.
504 _aIncluye referencias bibliográficas
505 0 _aContenido: v.3. Cuentos religiosos. -- v.4. Cuentos-Novela
650 1 4 _aFolclore
_xClasificación
_zEspaña
_912207
650 1 4 _aCuentos
_xClasificación
_zEspaña
_912208
650 1 4 _aLeyendas
_xColecciones
_zEspaña
_912209
700 1 _aChevalier, Maxime
_ecoaut.
_912210
902 _aCERV
942 _2lcc
_cB
999 _c4512
_d4512